00539nam a2200181 a 45000010010000000030011000100080041000210350026000620820016000881000022001042450030001262600047001566500018002039420012002219520089002339980020003229990015003420000-8827ELIB.Books110520 1927  a(ELIB.Books)0000-8973 a226.7 bDou aDouglas, Lioyd C. aThose Disturbing Miracles bNew York: Harper Brother Publishers c1927 aNew Testament 2ddccBK 00102ddc4070aKBTSbKBTSd2011-05-20l0p259r2022-01-22 00:00:00w2022-01-22yBK cbate2011-05-20 c8827d8827